Francuski - Ubrania - Statystyki

Ogólne statystyki
  • Ten quiz został rozwiązany 15 razy
  • Średni wynik to 12 z 30
Statystyki odpowiedzi
Hint Odpowiedź % Poprawnych
jeansy jean
100%
spodnie pantalon
100%
koszula chemise
80%
okulary lunettes
80%
sweter pull
80%
sukienka robe
80%
ubrania vêtements
80%
kapelusz chapeau
60%
spódnica jupe
60%
plaszcz manteau
60%
zegarek montre
60%
torebka sac
60%
biżuteria bijoux
40%
kozaki bottes
40%
pasek ceinture
40%
skarpetka chaussette
40%
garnitur costume
40%
krawat cravate
40%
kurtka veste
40%
bluza blouse
20%
buty chaussures
20%
szalik écharpe
20%
kolczyk boucle
0%
bransoletka bracelet
0%
rajstopy collants
0%
naszyjnik collier
0%
rękawiczki gants
0%
kamizelka gilet
0%
szlafrok peignoir
0%
dresy survêtements
0%
Nie znaleziono quizów pasujących do podanych kryteriów
Rozkład punktacji
Procent ludzi z każdym wynikiem
Percentyl według liczby udzielonych odpowiedzi
Twoja historia wyników
Nie rozwiązałeś tego quizu